Score 0/18 Timer 03:00
0 Plays Today
% Correct
Whoopi Goldberg
96.5%
Steve Harvey
95.9%
Tiger Woods
95.7%
Magic Johnson
95.2%
B.B. King
90.5%
David Ortiz
90.2%
CeeLo Green
88.9%
Gary Coleman
88.7%
Maya Angelou
88.4%
% Correct
Neil deGrasse Tyson
87.4%
Barry Bonds
87.1%
Al Roker
86%
Star Jones
85.4%
Al Sharpton
84.9%
LL Cool J
79.4%
Sway
75%
George Clinton
72.9%
Tyler Perry
70.2%
Remove Ads.
Support Sporcle.
Get the best of Sporcle when you Go Orange. This ad-free experience offers more features, more stats, and more fun while also helping to support Sporcle. Thank you for becoming a member.

You're not logged in!

Compare scores with friends on all Sporcle quizzes.
OR
Log In

Show Comments

Extras

Top Quizzes Today


Score Distribution

Your Account Isn't Verified!

In order to create a playlist on Sporcle, you need to verify the email address you used during registration. Go to your Sporcle Settings to finish the process.

Report this User

Report this user for behavior that violates our Community Guidelines.

Details: